000 00668nam a2200181 a 4500
001 000039870
005 20201002033800.0
008 130725s2001 sp b 000 0 spa d
020 _a8400079221
040 _aDO-SdBNP
_bspa
_cBNPHU
082 _axxx
100 1 _aSala I Vila, Núria
_966077
245 1 0 _aSelva y Andes :
_bAyacucho (1780-1929) historia de una región en la encrucijada /
_cNúria Sala I Vila.
260 _aMadrid :
_bConsejo Superior de Investigación Científicas
_bInstituto de Historia,
_c2001.
300 _a260 p. :
_bmap. ;
_c24 cm.
490 1 _aBiblioteca de historia de América
_v22
830 0 _aBiblioteca de historia de América
_v22
_966078
999 _c39360
_d39360